|
|
|
|
| LEADER |
00984nam a22002297a 4500 |
| 001 |
AAL4436 |
| 003 |
BD-DhAAL |
| 008 |
160215s 2002bg a|||| b||| 00| 0 ben d |
| 020 |
|
|
|a 9840742647
|
| 040 |
|
|
|a BD-DhAAL
|c BD-DhAAL
|
| 082 |
|
|
|a 338.3727/095492
|
| 100 |
|
|
|a দাশ, বিষ্ণু
|9 18006
|
| 245 |
|
|
|a মৎস্য চাষের উৎপাদন অর্থনীতি ১ম খন্ড /
|c বিষ্ণু দাশ
|
| 260 |
|
|
|a ঢাকা :
|b বাংলা একাডেমী,
|c ২০০২.
|
| 300 |
|
|
|a ২৩৭ পৃ. :
|b চিত্র ;
|c ২৪ সে.মি.
|
| 504 |
|
|
|6 Includes bibliographies
|
| 541 |
|
|
|e 4436
|
| 650 |
|
|
|a Fisheries
|x Economic aspects
|z Bangladesh.
|9 18007
|
| 852 |
|
|
|a Savar Campus Library
|c General Shelf
|
| 942 |
|
|
|2 ddc
|c BK
|
| 999 |
|
|
|c 36867
|d 36867
|
| 952 |
|
|
|0 0
|1 0
|2 ddc
|4 0
|6 338_372700000000000_095492_DAS
|7 0
|9 58030
|a SCL
|b SCL
|c GEN
|d 2016-02-15
|g 190.00
|l 0
|o 338.3727095492 DAS
|p 3020004436
|r 2016-02-15
|t 1
|w 2016-02-15
|y BK
|